LEADER 02290nam 2200361Ia 450 001 996395945203316 005 20210104171302.0 035 $a(CKB)3810000000017986 035 $a(EEBO)2264202881 035 $a(OCoLC)ocn767618605e 035 $a(OCoLC)767618605 035 $a(EXLCZ)993810000000017986 100 $a20111206d1688 uy 0 101 0 $aeng 135 $aurbn||||a|bb| 200 12$aA rational way of teaching$b[electronic resource] $eWhereby children, and others, may be instructed in true reading, pronouncing and writing of the English tongue; in an easier and speedier method, than any hitherto publish'd. Containing, I. Rules for spelling, reading, and pronouncing of all English words II. Words of all sorts, from one to seven syllables, both whole and also divided. III. An explanation of the true use and meaning of all points and stops, both reading and writing. IV. A transcription of some chapters out of the First Book of Chronicles, both in whole words, and also divided into syllables; for the easier learning to read hard proper names. V. Directions how to spell and write true English together with two useful tables. I. Of such words as are altogether alike in sound, but quite different both in significetion [sic] and spelling. II. Shewing the signification and meaning of words derived from other languages, and made English; very necessary for all such as are ignorant of the Latin tongue. With several pieces of writing, curiously ingraven on copper-plates. Also some useful presidents. /$fBy T. Osborn, school-master 210 $aLondon, $cPrinted for Thomas Howkins in George-yard, in Lombard-street.$d1688 215 $a134, [4] leaves of plates $cill 300 $aReproduction of original in: Columbia University Library (New York, N.Y.). 330 $aeebo-0027 606 $aReading$vEarly works to 1800 606 $aEnglish language$xWriting$vEarly works to 1800 606 $aEnglish language$xAlphabet$vEarly works to 1800 615 0$aReading 615 0$aEnglish language$xWriting 615 0$aEnglish language$xAlphabet 700 $aOsborn$b Thomas$01018131 801 0$bUMI 801 1$bUMI 906 $aBOOK 912 $a996395945203316 996 $aA rational way of teaching$92392378 997 $aUNISA LEADER 02260nam 2200601 450 001 9910787660403321 005 20230123222824.0 010 $a0-8195-7332-9 035 $a(CKB)2670000000427399 035 $a(EBL)1414169 035 $a(SSID)ssj0001036032 035 $a(PQKBManifestationID)11597410 035 $a(PQKBTitleCode)TC0001036032 035 $a(PQKBWorkID)11034010 035 $a(PQKB)10353875 035 $a(MiAaPQ)EBC1414169 035 $a(OCoLC)867741478 035 $a(MdBmJHUP)muse27434 035 $a(Au-PeEL)EBL1414169 035 $a(CaPaEBR)ebr10769728 035 $a(OCoLC)862209109 035 $a(MiAaPQ)EBC29040032 035 $a(Au-PeEL)EBL29040032 035 $a(EXLCZ)992670000000427399 100 $a20230123d2013 uy 0 101 0 $aeng 135 $aur|n|---||||| 181 $ctxt 182 $cc 183 $acr 200 10$aBecoming Tom Thumb $eCharles Stratton, P.T. Barnum, and the dawn of American celebrity /$fEric D. Lehman 205 $a1st ed. 210 1$aMiddletown, Connecticut :$cWesleyan University Press,$d[2013] 210 4$dİ2013 215 $a1 online resource (273 p.) 225 1 $aDriftless Connecticut series 300 $aDescription based upon print version of record. 311 $a0-8195-7331-0 320 $aIncludes bibliographical references and index. 327 $aPrologue: playing The palace -- The boy from Bridgeport -- At the American Museum -- Prince Charles the First -- Buttons, bullfights, and balloons -- Hop o' my thumb -- Heart of a child -- On the New York stage -- The measure of a man -- The wedding of the year -- The long and short of it -- A very strange honeymoon -- Tom Thumb's America -- Around the world -- At the helm -- A marriage and two funerals -- The great fire -- At Mountain Grove. 330 $aThe definitive biography of an iconic American entertainer 410 0$aDriftless Connecticut series. 606 $aCircus performers 615 0$aCircus performers. 676 $a791.092 700 $aLehman$b Eric D.$01086736 801 0$bMiAaPQ 801 1$bMiAaPQ 801 2$bMiAaPQ 906 $aBOOK 912 $a9910787660403321 996 $aBecoming Tom Thumb$93723008 997 $aUNINA